00450ntaaa2200133 45000030003000000050017000030080021000200400037000410820017000781000022000952450109001172500079002263000011003050120251027201501.00714s1973 ag 01  aAR-BaBNbspacAR-BaBNeaacrdRIC a226.8000 Sa2 aSainz, P. Manuel  aParábolas del Evangelio y el Reino de Jesucristo que es la Iglesia; comentario exegético práctico. a1 ed. : bAdministración del Mensajero del Corazón de Jesús, cc1915 a681 p.